| 000 | 005070000a22001570004500 | ||
|---|---|---|---|
| 003 | MACL | ||
| 005 | 20171220132413.0 | ||
| 008 | 171220b xxu||||| |||| 00| 0 eng d | ||
| 040 | _cMACL | ||
| 100 |
_aपांडुरंगा, राव _969720 |
||
| 245 | _aहमारे प्रसिद्ध तीर्थ स्थान | ||
| 260 |
_bनेशनल बुक ट्रस्ट _c2002 |
||
| 350 | _a12 | ||
| 650 |
_aचिल्ड्रन _969721 |
||
| 942 |
_cHIN _k741.642 _2ddc |
||
| 999 |
_c10588 _d10588 |
||